| 000 | 00987nam a2200289 i 4500 | ||
|---|---|---|---|
| 001 | 184953 | ||
| 003 | SpMaBN | ||
| 005 | 20250715010412.0 | ||
| 008 | 160225s1986 sp |||| | spa d | ||
| 020 | _a84-01-90568-0 | ||
| 080 | _a860-146.2(082.2) | ||
| 245 | 0 | 0 |
_aRomancero / _cedición de Amelia García-Valdecasas Jiménez. |
| 260 |
_a[Esplugues de Llobregat (Barcelona)] : _bPlaza & Janés, _c[1986] |
||
| 300 |
_a428 p. ; _c18 cm. |
||
| 490 | 1 |
_aClásicos ; _v47 |
|
| 490 | 1 | _aBiblioteca crítica de autores españoles | |
| 500 | _aGlosario. | ||
| 500 | _aÍndices. | ||
| 504 | _aBibliografía: p. 103-[105] | ||
| 650 | 0 | 7 |
_aRomances- _zEspaña. _916935 |
| 650 | 0 | 7 |
_aRomances- _zEspaña- _xHistoria y crítica. _916936 |
| 700 | 1 |
_aGarcía-Valdecasas, Amelia. _9158869 |
|
| 830 | 0 |
_aClásicos ; _v47 _9177532 |
|
| 830 | 0 | 0 |
_aBiblioteca crítica de autores españoles _9225153 |
| 852 |
_aES-MaACL _jL-30225 _z. - Donat. Miguel A. Velasco |
||
| 999 |
_c184953 _d184953 |
||